000 01041nam a2200325 i 4500
003 EG-GICUC
005 20260121101733.0
008 260118s1954 us a|||fr|||| 001 0 eng d
040 _aEG-GiCUC
_beng
_cEG-GiCUC
_dEG-GiCUC
_erda
041 _aeng
082 0 4 _221
_a341.9
_bST . C
092 0 4 _221
099 _aLaw1 11 341.9 ST . C 1954
100 1 _a Starr, Chester G.
_eAuthor.
245 1 0 _aCivilization And The Caesars The Intellectual Revolution In The Roman Empire /
_cChester G. Starr.
264 1 _aNew York :
_bCornell University Press,
_c1954.
300 _a413 pages :
_billustrations,
_c24 cm
336 _2rda content
_atext
337 _2rda media
_aComputer
338 _2rda carrier
_aOnline Resource
500 _aIncludes index.
504 _aBibliography: pages 200-250.
546 _aText in English
650 1 4 _aDroit international
_2qrmak
650 1 4 _aHistoire
_2qrmak
651 1 _2qrmak
856 4 0 _uhttps://fll.law.cu.edu.eg/fulltext/bks/B11-06548.pdf
905 _a79
942 _2ddc
_cBK
_e21
_n0
999 _c57386
_d57386